|
|
|
|
| LEADER |
01077nam a22003131a 4500 |
| 001 |
000036370 |
| 003 |
12665 |
| 005 |
20220614085839.0 |
| 008 |
160408s2008 000 |
| 020 |
|
|
|c 25000
|
| 040 |
|
|
|a lnn
|b lnn
|
| 041 |
|
|
|a kre
|
| 082 |
1 |
4 |
|a 495.7.8
|b KA-C
|
| 100 |
1 |
|
|a Kang, Chonwon
|
| 245 |
|
0 |
|a Giáo trình căn bản tiếng hàn /
|a You can speak korean /
|c Chonwon Kang.
|
| 260 |
|
|
|a HCM :
|b NXB trẻ,
|c 2008.
|
| 300 |
|
|
|a 126tr. :
|b mh. ;
|c 24cm.
|
| 650 |
|
4 |
|a Giao tiếp Hàn - Việt
|x Tiếng Hàn
|
| 653 |
|
|
|a Tiếng Hàn trong cuộc sống
|
| OWN |
|
|
|a LNN
|
| OWN |
|
|
|a LNN
|
| 902 |
1 |
|
|a TKH
|
| AVA |
|
|
|a UDN50
|b LNN
|c Japanese-Korean-Thailander
|d 495.7.8 KA-C
|e available
|t Error 5001 Not defined in file expand_doc_bib_avail.
|f 7
|g 0
|h N
|i 11
|j HN
|
| 999 |
|
|
|a From the UDN01
|
| AVA |
|
|
|a UDN50
|b LNN
|c Japanese-Korean-Thailander
|d 495.7.8 KA-C
|e available
|t Error 5001 Not defined in file expand_doc_bib_avail.
|f 7
|g 0
|h N
|i 11
|j HN
|
| TYP |
|
|
|a Monograph
|
| 980 |
|
|
|a Mạng thư viện Đại học Đà Nẵng
|